000 01397cam a2200349 a 4500
001 5987
003 FISKH
005 20250225092050.0
008 081205s2010 nyua j 000 0 eng
010 _a 2008051782
020 _a9780545132053 (hardcover)
020 _a0545132053 (hardcover)
020 _a9780545132060 (pbk.)
020 _a0545132061 (pbk.)
020 _a9781338740264
_c$16.00
040 _aDLC
_cDLC
_dDLC
_beng
050 _aPZ7.T45 S
082 _a617.645
100 1 _aTelgemeier, Raina.
245 1 0 _aSmile /
_cRaina Telgemeier.
260 _aNew York :
_bScholastic,
_c2010.
300 _a213 pages :
_bcolor illustrations ;
_c21 cm
520 _aRaina just wants to be a normal sixth grader. But one night after Girl Scouts she trips and falls, severely injuring her two front teeth. What follows is a long and frustrating journey with on-again, off-again braces, surgery, embarrassing headgear, and even a retainer with fake teeth attached. And on top of all that, there's still more to deal with: a major earthquake, boy confusion, and friends who turn out to be not so friendly.
650 0 _aYouth
_xDental care.
650 0 _aGirls
_xDental care.
650 0 _aSelf-esteem in adolescence.
650 0 _aBeauty, Personal.
650 0 _aGraphic novels.
906 _a7
_bcbc
_corignew
_d1
_eecip
_f20
_gy-gencatlg
942 _2ddc
_cBK
_n0
999 _c5987
_d5987